Austin Hall Building Ltd v Buckland Securities Ltd (Record no. 67595)

MARC details
000 -LEADER
fixed length control field 02662cam a2200277 4500
001 - CONTROL NUMBER
control field ABS64140
008 - FIXED-LENGTH DATA ELEMENTS--GENERAL INFORMATION
fixed length control field 000000n2001 000 0 eng u
035 ## - SYSTEM CONTROL NUMBER
System control number (Sirsi) u113457
245 ## - TITLE STATEMENT
Title Austin Hall Building Ltd v Buckland Securities Ltd
260 ## - PUBLICATION, DISTRIBUTION, ETC.
Date of publication, distribution, etc. 2001
490 ## - SERIES STATEMENT
Series statement Construction Industry Law Letter
Volume/sequential designation [2001] CILL 1734-1739(6)
520 ## - SUMMARY, ETC.
Summary, etc. TCC 11 April 2001. The defendant (B) engaged the claimant (A) to carry out certain building works under an engagement incorporating the terms of the JCT Agreement for Minor Building Works. When B did not make a decision on a draft final account submitted after practical completion A referred the dispute to adjudication and then to enforcement proceedings after B failed to comply with the adjudicators decision. At the enforcement proceedings B claimed that the Housing Grants, Construction and Regeneration Act 1996 s108 contravened their human rights under the European Convention of Human Rights Art 6. B's argument was dismissed on the following grounds: that, under the Human Rights Act 1998 s6(2)(a), s6(1) of the Act did not apply as in order to comply with the provisions of the Housing Grants, Construction and Regeneration Act 1996 the adjudicator could not have acted differently; that the adjudicator was not, in these circumstances, a public authority and therefore not obliged to not to contravene with the Convention; and that Art 6 did not apply, if it had applied then the court hearing was a part of the process and constituted a public hearing, and that B had waived any right to a hearing. It was also noted that, in any case, the adjudicator had not breached Art 6 or natural justice. Copy of judgement available on http://porch.ccta.gov.uk/courtser/judgements.nsf/Search/DDB3604EED13208280256A34005B15A3?OpenDocument
590 ## - LOCAL NOTE (RLIN)
Local note ABS
650 ## - SUBJECT ADDED ENTRY--TOPICAL TERM
Topical term or geographic name entry element MANAGEMENT-DISPUTE AVOIDANCE, MANAGEMENT AND RESOLUTION-DISPUTE MANAGEMENT AND RESOLUTION-ALTERNATIVE DISPUTE RESOLUTION-ADJUDICATION
650 ## - SUBJECT ADDED ENTRY--TOPICAL TERM
Topical term or geographic name entry element AUSTIN HALL BUILDING LTD V BUCKLAND SECURITIES LTD
650 ## - SUBJECT ADDED ENTRY--TOPICAL TERM
Topical term or geographic name entry element CONVENTION FOR THE PROTECTION OF HUMAN RIGHTS AND FUNDAMENTAL FREEDOMS ART 6
650 ## - SUBJECT ADDED ENTRY--TOPICAL TERM
Topical term or geographic name entry element HOUSING GRANTS CONSTRUCTION AND RENGENERATION ACT 1996 S108
650 ## - SUBJECT ADDED ENTRY--TOPICAL TERM
Topical term or geographic name entry element HUMAN RIGHTS
650 ## - SUBJECT ADDED ENTRY--TOPICAL TERM
Topical term or geographic name entry element HUMAN RIGHTS ACT 1998 S6
650 ## - SUBJECT ADDED ENTRY--TOPICAL TERM
Topical term or geographic name entry element JCT AGREEMENT FOR MINOR BUILDING WORKS 1998
650 ## - SUBJECT ADDED ENTRY--TOPICAL TERM
Topical term or geographic name entry element NATURAL JUSTICE
650 ## - SUBJECT ADDED ENTRY--TOPICAL TERM
Topical term or geographic name entry element JCT AGREEMENT FOR MINOR BUILDING WORKS (1998 EDITION)
690 ## - LOCAL SUBJECT ADDED ENTRY--TOPICAL TERM (OCLC, RLIN)
Topical term or geographic name as entry element MANGEMENT-DISPUTE AVOIDANCE, MANAGEMENT AND RESOLUTION-DISPUTE MANAGEMENT AND RESOLUTION
856 ## - ELECTRONIC LOCATION AND ACCESS
Uniform Resource Identifier <a href="https://porch.ccta.gov.uk/courtser/judgements.nsf/Search/DDB3604EED13208280256A34005B15A3?OpenDocument">https://porch.ccta.gov.uk/courtser/judgements.nsf/Search/DDB3604EED13208280256A34005B15A3?OpenDocument</a>
942 ## - ADDED ENTRY ELEMENTS (KOHA)
Suppress in OPAC 0
Holdings
Withdrawn status Lost status Source of classification or shelving scheme Damaged status Not for loan Home library Current library Shelving location Date acquired Total Checkouts Full call number Barcode Date last seen Copy number Price effective from Koha item type
    Dewey Decimal Classification     London London Journal article 04/07/2001   ABS64140 113457-1001 06/08/2019 1 06/08/2019 Law report